Normal view MARC view
  • ;AW

Entry Topical Term

Number of records used in: 1

001 - CONTROL NUMBER

  • control field: 5745

003 - CONTROL NUMBER IDENTIFIER

  • control field: OSt

005 - DATE AND TIME OF LATEST TRANSACTION

  • control field: 20200528101924.0

008 - FIXED-LENGTH DATA ELEMENTS

  • fixed length control field: 200528|| aca||aabn | a|a d

040 ## - CATALOGING SOURCE

  • Original cataloging agency: OSt
  • Transcribing agency: OSt

150 ## - HEADING--TOPICAL TERM

  • Topical term or geographic name as entry element: ;AW

670 ## - SOURCE DATA FOUND

  • Source citation: Work cat.: (OSt): BARE ACT 5744, THE BONDED LABOUR SYSTEM ACT, 1976